[Event "Zonal 3.3 2017"]
[Site "masterchessopen.com Tagaytay City PHI"]
[Date "2017.03.05"]
[Round "9.17"]
[White "Lee,Jun Wei"]
[Black "Nouri,Alekhine"]
[Result "1-0"]
[WhiteElo "2137"]
[BlackElo "1954"]

1.d4 Nf6 2.Bg5 Ne4 3.Bf4 d5 4.e3 c5 5.Bd3 cxd4 6.exd4 Nc6 7.c3 Bf5 8.Nf3 e6
9.Qe2 Bd6 10.Bg3 O-O 11.O-O Re8 12.Bxd6 Nxd6 13.Bxf5 Nxf5 14.Nbd2 a6 15.Nb3
Qf6 16.Rfe1 Nh4 17.Nxh4 Qxh4 18.Nc5 Qe7 19.Qh5 b6 20.Nd3 g6 21.Qh6 Qf8 22.Qf4
Ra7 23.Re3 f6 24.Rae1 Nd8 25.Qb8 Rb7 26.Qa8 a5 27.Nf4 Rbe7 28.Qa6 g5 29.Nd3
Rb7 30.f4 h6 31.f5 Rbe7 32.Qxb6 exf5 33.Rxe7 Rxe7 34.Rf1 a4 35.Rxf5 Kg7 36.Rf1
Re2 37.Qa7+ Kg8 38.Ne5 Qd6 39.Ng4 f5 40.Rxf5 Re7 41.Qa8 a3 42.Qxa3 Re1+ 43.Kf2
Qe6 44.Qf8+ Kh7 45.Ne5 Re4 46.Rf6 Rf4+ 47.Rxf4 gxf4 48.Qxd8 {#r} 1-0

[Event "Zonal 3.3 2017"]
[Site "masterchessopen.com Tagaytay City PHI"]
[Date "2017.03.05"]
[Round "9.18"]
[White "Abelgas,Roe"]
[Black "Endrina,Julius"]
[Result "1-0"]
[WhiteElo "2318"]
[BlackElo "1645"]

1.d4 Nf6 2.c4 e6 3.Nf3 d5 4.cxd5 exd5 5.Qc2 h6 6.Bf4 c6 7.Nc3 Bd6 8.Bg3 Bb4
9.Nd2 Nbd7 10.e3 Nh5 11.Bd3 Nxg3 12.hxg3 Qa5 13.O-O Nf6 14.a3 Bd6 15.b4 Qc7
16.b5 Ng4 17.bxc6 Bxg3 18.fxg3 Qxg3 19.Nf3 Nxe3 20.Rae1 O-O 21.Rxe3 bxc6
22.Ne2 Qg4 23.Ne5 Qg5 24.Rg3 Qh4 25.Bh7+ Kh8 26.Ng6+ fxg6 27.Rxf8+ {#r} 1-0

[Event "Zonal 3.3 w 2017"]
[Site "masterchessopen.com Tagaytay City PHI"]
[Date "2017.02.28"]
[Round "4.2"]
[White "Gong Qianyun"]
[Black "Luong Phuong Hanh"]
[Result "1-0"]
[WhiteElo "2284"]
[BlackElo "2148"]

1.e4 c5 2.Nf3 e6 3.d4 cxd4 4.Bg5 Be7 5.Bxe7 Nxe7 6.Qxd4 O-O 7.Nc3 Nbc6 8.Qd6
Qb6 9.O-O-O Qxf2 10.Bd3 Ng6 11.Kb1 Qe3 12.e5 Qb6 13.Bxg6 hxg6 14.h4 Qb4 15.Qd3
Qg4 16.Ne4 d5 17.exd6 e5 18.Nh2 Qxg2 19.Rdg1 Qh3 20.Nf3 Qf5 21.Nfg5 Nd4 22.h5
Bd7 23.Rh2 Bb5 24.Qe3 f6 25.Rf2 Qd7 26.Nf3 Qh3 27.hxg6 Be8 28.Qd3 Bb5 29.Qe3
Be8 30.c3 Nf5 31.Qe2 Nh6 32.Qc4+ Kh8 33.Rh2 Bb5 34.Qxb5 Qxf3 35.Rxh6+ gxh6
36.Qxb7 {#r} 1-0

[Event "Zonal 3.3 w 2017"]
[Site "masterchessopen.com Tagaytay City PHI"]
[Date "2017.02.28"]
[Round "4.5"]
[White "Pham Le Thao Nguyen"]
[Black "Sukandar,I"]
[Result "0-1"]
[WhiteElo "2351"]
[BlackElo "2423"]

1.d4 Nf6 2.c4 e6 3.Nf3 d5 4.Nc3 dxc4 5.e3 a6 6.a4 b6 7.Bxc4 Bb7 8.O-O Bb4
9.Qe2 O-O 10.Bd3 Nc6 11.Rd1 Na5 12.Bc2 Bxc3 13.bxc3 Be4 14.Ba3 Re8 15.c4 Qc8
16.Ne5 Bxc2 17.Qxc2 Nd7 18.Nf3 e5 19.Bb2 e4 20.Nd2 Nf6 21.Nf1 Qg4 22.Ng3 h5
23.d5 h4 24.h3 Qg6 25.Ne2 Nb7 26.Bd4 Nd7 27.Rab1 a5 28.Nf4 Qh6 29.Qe2 Nd6
30.Rbc1 Nc5 31.Qg4 Nb3 32.Rc2 Nxd4 33.Rxd4 Nb7 34.Qd7 Nc5 35.Qxc7 Rac8 36.Qa7
Qd6 37.Rb2 Rb8 38.Ne6 Rb7 {#R} 0-1

[Event "Zonal 3.3 w 2017"]
[Site "masterchessopen.com Tagaytay City PHI"]
[Date "2017.02.28"]
[Round "4.7"]
[White "Mendoza,Shania Mae"]
[Black "Nguyen Thi Mai Hung"]
[Result "1-0"]
[WhiteElo "1983"]
[BlackElo "2347"]

1.e4 e6 2.d4 d5 3.Nc3 Nf6 4.e5 Nfd7 5.f4 c5 6.Nf3 Nc6 7.Be3 Be7 8.Qd2 O-O
9.dxc5 Bxc5 10.O-O-O Qa5 11.a3 Rd8 12.Nd4 a6 13.Nb3 Bxe3 14.Qxe3 Qc7 15.Bd3 b5
16.Ne2 b4 17.a4 Nb6 18.Qh3 g6 19.Qh6 Nxa4 20.h4 Nxe5 21.fxe5 Qxe5 22.Ned4 Bd7
23.h5 Qg7 24.hxg6 hxg6 25.Qxg7+ Kxg7 26.Nf3 f6 27.Rh4 e5 28.Rdh1 e4 29.Rh7+
Kg8 30.Nfd4 f5 31.Bxa6 Rab8 32.Bb5 {#r} 1-0

[Event "Zonal 3.3 w 2017"]
[Site "masterchessopen.com Tagaytay City PHI"]
[Date "2017.02.28"]
[Round "4.9"]
[White "Mendoza,B"]
[Black "Fisabilillah,Ummi"]
[Result "0-1"]
[WhiteElo "2029"]
[BlackElo "2206"]

1.d4 Nf6 2.Nf3 e6 3.e3 b6 4.Bd3 Bb7 5.Nbd2 Be7 6.O-O d5 7.b3 O-O 8.Bb2 c5
9.Ne5 Nc6 10.a3 a6 11.Qf3 Qc7 12.Qh3 h6 13.f4 b5 14.dxc5 Nxe5 15.Bxe5 Qxc5
16.Bd4 Qc6 17.Rf3 Rfd8 18.Rg3 Kf8 19.Nf3 Bc5 20.Bxf6 gxf6 21.Qxh6+ Ke7 22.Re1
Rh8 23.Bh7 Bxa3 24.Re2 Bc5 25.Qg7 Raf8 26.Nh4 Kd8 27.Qxf6+ Be7 28.Qh6 Qc3
29.Rg4 Qf6 30.Qh5 a5 31.Nf3 Bc5 32.Ng5 a4 33.bxa4 bxa4 34.Ne4 Qa1+ 35.Kf2 Be7
36.Rd2 Kc8 37.Ng5 Qc3 38.Re2 Qf6 39.Qh3 Ba6 40.e4 Bc5+ 41.Re3 Qd4 42.exd5 Qd2+
{#R} 0-1

[Event "Zonal 3.3 w 2017"]
[Site "masterchessopen.com Tagaytay City PHI"]
[Date "2017.02.28"]
[Round "4.10"]
[White "Doroy,Allaney Jia G"]
[Black "Mariano,Karen"]
[Result "1-0"]
[WhiteElo "1915"]
[BlackElo "1797"]

1.c4 c6 2.g3 g6 3.Bg2 Bg7 4.Nf3 Nf6 5.O-O O-O 6.d4 d5 7.Nc3 Nbd7 8.cxd5 cxd5
9.Bf4 h6 10.Rc1 b6 11.Nb5 g5 12.Bc7 Qe8 13.Ne5 Bb7 14.Qb3 Ne4 15.Bxe4 dxe4
16.Ng6 a6 17.Nxf8 Qxf8 18.Nc3 Bxd4 19.Rfd1 Qc8 20.Nd5 Bxd5 21.Qxd5 Bxb2 22.Rc2
Nf6 23.Qb3 Qh3 24.f3 g4 25.Rxb2 gxf3 26.exf3 h5 27.Qe3 Kh7 28.Be5 h4 29.Bxf6
exf6 30.Qxe4+ f5 31.Qxa8 hxg3 32.hxg3 Kg7 33.Rh2 {#r} 1-0

[Event "Zonal 3.3 w 2017"]
[Site "masterchessopen.com Tagaytay City PHI"]
[Date "2017.03.01"]
[Round "5.5"]
[White "Luong Phuong Hanh"]
[Black "Mordido,Kylen Joy"]
[Result "1-0"]
[WhiteElo "2148"]
[BlackElo "1755"]

1.d4 Nf6 2.Nf3 g6 3.g3 Bg7 4.Bg2 d5 5.O-O O-O 6.c4 c6 7.Qb3 dxc4 8.Qxc4 Be6
9.Qb4 Qc7 10.Ng5 Bg4 11.Bf4 Na6 12.Qd2 Qb6 13.h3 Bd7 14.Nc3 Rad8 15.e4 Bc8
16.Nf3 Rfe8 17.Rac1 Be6 18.b3 Qb4 19.Rfd1 c5 20.d5 Bc8 21.e5 Nh5 22.Be3 Bh8
23.Qb2 Nc7 24.a3 Qa5 25.b4 Qa6 26.bxc5 Ng7 27.Qb4 g5 28.d6 Nce6 29.Nxg5 Nxg5
30.Bxg5 Ne6 31.Bxe7 {#r} 1-0

[Event "Zonal 3.3 w 2017"]
[Site "masterchessopen.com Tagaytay City PHI"]
[Date "2017.03.01"]
[Round "5.6"]
[White "Mendoza,Shania Mae"]
[Black "Bernales,C"]
[Result "0-1"]
[WhiteElo "1983"]
[BlackElo "2039"]

1.e4 e6 2.d4 d5 3.Nc3 Nf6 4.e5 Nfd7 5.f4 c5 6.Nf3 Nc6 7.Be3 cxd4 8.Nxd4 a6
9.Qd2 Bc5 10.O-O-O O-O 11.h4 Nxd4 12.Bxd4 b5 13.h5 h6 14.g4 b4 15.Ne2 a5
16.Qe3 Qc7 17.Rg1 Ba6 18.g5 hxg5 19.Rxg5 Kh8 20.Qg3 Rg8 21.Qg1 a4 22.h6 g6
23.h7 Rg7 24.f5 b3 25.Nc3 Bxd4 26.Qxd4 bxa2 27.Nxa2 Bxf1 28.Rxf1 exf5 29.Qxd5
Rc8 30.Qg2 Qxe5 31.Qd2 a3 32.c3 Nc5 33.Kb1 Ne4 34.Qd7 Qb8 35.Rg2 Rd8 36.Qa4
Rd2 37.Rxd2 Nxd2+ 38.Kc2 Nxf1 39.Qxa3 Rxh7 40.Qe7 Rh2+ 41.Kd3 Qb5+ 42.c4 Rd2+
{#R} 0-1

[Event "Zonal 3.3 w 2017"]
[Site "masterchessopen.com Tagaytay City PHI"]
[Date "2017.03.01"]
[Round "5.7"]
[White "Fisabilillah,Ummi"]
[Black "Pham Le Thao Nguyen"]
[Result "0-1"]
[WhiteElo "2206"]
[BlackElo "2351"]

1.e4 g6 2.d4 Bg7 3.Nf3 d6 4.Be2 a6 5.a4 Nf6 6.Nc3 O-O 7.O-O Nc6 8.h3 d5 9.exd5
Nb4 10.Bf4 Bf5 11.Rc1 Nfxd5 12.Nxd5 Nxd5 13.Bd2 Qd6 14.Re1 Rad8 15.Bf1 c5
16.c3 Qb6 17.Nh4 Bc8 18.c4 Nc7 19.d5 e6 20.Qc2 exd5 21.cxd5 Nxd5 22.Qxc5 Qxb2
23.Rc2 Qf6 24.Nf3 h6 25.Qa3 Bf5 26.Rcc1 Rfe8 27.Rxe8+ Rxe8 28.Qb3 Be4 29.Re1
Nf4 30.Bxf4 Qxf4 31.Bd3 g5 32.a5 Re6 33.Bxe4 Rxe4 34.Qxb7 Rxe1+ 35.Nxe1 Qc1
36.Qa8+ Bf8 37.Kf1 Qc4+ 38.Kg1 Kg7 39.Nf3 Qc1+ 40.Kh2 Bd6+ 41.g3 Qc2 42.Qd5
Qxf2+ 43.Kh1 Qxg3 44.Qf5 Bf4 {#R} 0-1

[Event "Zonal 3.3 w 2017"]
[Site "masterchessopen.com Tagaytay City PHI"]
[Date "2017.03.01"]
[Round "5.8"]
[White "Nguyen Thi Mai Hung"]
[Black "Doroy,Allaney Jia G"]
[Result "1-0"]
[WhiteElo "2347"]
[BlackElo "1915"]

1.d4 g6 2.e4 Bg7 3.c3 d5 4.Nd2 Nh6 5.Ngf3 O-O 6.exd5 Qxd5 7.Bc4 Qd8 8.O-O c5
9.dxc5 Qc7 10.Nb3 Nd7 11.Qd5 Nf6 12.Qe5 Qxe5 13.Nxe5 Nhg4 14.Nd3 Bf5 15.Nd4
Bxd3 16.Bxd3 Rac8 17.Re1 Nd5 18.Nb3 Ngf6 19.Bg5 e6 20.Rad1 h6 21.Bh4 Rfd8
22.Bc4 g5 23.Bg3 Bf8 24.Be5 Be7 25.h3 a6 26.Bxd5 Nxd5 27.Na5 Bxc5 28.Nxb7 Rd7
29.Nxc5 Rxc5 30.b3 f6 31.Bg3 Rxc3 32.Rxe6 a5 33.Ra6 Rc5 34.Rd6 Rxd6 35.Bxd6
Nc3 36.Bxc5 Nxd1 37.Bd4 {#r} 1-0

[Event "Zonal 3.3 w 2017"]
[Site "masterchessopen.com Tagaytay City PHI"]
[Date "2017.03.01"]
[Round "5.9"]
[White "Mendoza,B"]
[Black "Secopito,Catherine"]
[Result "1-0"]
[WhiteElo "2029"]
[BlackElo "2106"]

1.d4 d5 2.Nf3 Nf6 3.e3 e6 4.Bd3 b6 5.O-O Bb7 6.b3 Be7 7.Bb2 O-O 8.c4 Nc6 9.a3
Ne4 10.Qc2 f5 11.Nc3 Kh8 12.cxd5 exd5 13.Ne5 Nxe5 14.dxe5 Bg5 15.Nd1 Qd7 16.b4
Be7 17.f3 Ng5 18.h4 Ne6 19.Bxf5 Bxh4 20.Bxh7 Ng5 21.Bd3 d4 22.f4 Qg4 23.Qe2
Nf3+ 24.Rxf3 Bxf3 25.Qxf3 Qxf3 26.gxf3 dxe3 27.Nxe3 Rxf4 28.Be4 Rd8 29.Ng2
{#r} 1-0

[Event "Zonal 3.3 w 2017"]
[Site "masterchessopen.com Tagaytay City PHI"]
[Date "2017.03.01"]
[Round "5.10"]
[White "Singgih,Diajeng Theresa"]
[Black "Mariano,Karen"]
[Result "0-1"]
[WhiteElo "1817"]
[BlackElo "1797"]

1.e4 c5 2.Nf3 Nc6 3.d4 cxd4 4.Nxd4 d6 5.Nc3 Nf6 6.Bc4 g6 7.O-O Bg7 8.h3 O-O
9.Nb3 a6 10.f4 b5 11.Bd3 Ne8 12.Be3 e6 13.e5 Qc7 14.Be4 Bb7 15.Qf3 f5 16.exf6
Nxf6 17.Bd3 Nd7 18.a3 Ne7 19.Qg4 Nf5 20.Bxf5 exf5 21.Qh4 Bxc3 22.bxc3 Qxc3
23.Qf2 Rac8 24.Rad1 Qxc2 25.Rxd6 Qxb3 26.Rxd7 Rc2 27.Rd2 Rc3 28.Rb2 Qxa3
29.Bd4 Rc4 30.Re2 Rd8 31.Bf6 Rd7 32.Qh4 Re4 33.Rc2 Qd3 34.Rfc1 Re2 35.Rc8+
Bxc8 36.Rxc8+ Kf7 37.Be5 Qe3+ 38.Kh2 Rxg2+ 39.Kxg2 Rd2+ 40.Kf1 Qe2+ {#R} 0-1

[Event "Zonal 3.3 w 2017"]
[Site "masterchessopen.com Tagaytay City PHI"]
[Date "2017.03.02"]
[Round "6.1"]
[White "Hoang Thi Bao Tram"]
[Black "Sukandar,I"]
[Result "1-0"]
[WhiteElo "2340"]
[BlackElo "2423"]

1.d4 Nf6 2.c4 e6 3.Nc3 Bb4 4.Qc2 b6 5.Bg5 Bb7 6.e3 h6 7.Bh4 Bxc3+ 8.Qxc3 g5
9.Bg3 Ne4 10.Qc2 d6 11.f3 Nxg3 12.hxg3 Qf6 13.Bd3 Nd7 14.Ne2 h5 15.Be4 c6
16.Nc3 Qe7 17.O-O-O f5 18.Bd3 O-O-O 19.Kb1 Kb8 20.d5 Nc5 21.dxe6 Nxd3 22.Qxd3
Qxe6 23.e4 Bc8 24.Rhe1 Qe5 25.Ka1 f4 26.gxf4 gxf4 27.Ne2 Rhg8 28.Rg1 Kc7
29.Qa3 Rg6 30.Nc1 Rdg8 31.Nd3 Qf6 32.e5 dxe5 33.Qxa7+ Bb7 34.c5 b5 35.Nb4 Kc8
36.Na6 {#r} 1-0

[Event "Zonal 3.3 w 2017"]
[Site "masterchessopen.com Tagaytay City PHI"]
[Date "2017.03.02"]
[Round "6.5"]
[White "Fronda,J"]
[Black "Bernales,C"]
[Result "1-0"]
[WhiteElo "2158"]
[BlackElo "2039"]

1.e4 e6 2.d4 d5 3.Nc3 Nf6 4.e5 Nfd7 5.f4 c5 6.Nf3 Nc6 7.Be3 cxd4 8.Nxd4 a6
9.Qd2 Bc5 10.O-O-O O-O 11.Qf2 Nxd4 12.Bxd4 Qc7 13.Bd3 Bxd4 14.Qxd4 b5 15.Rhe1
Qc5 16.Ne2 Qxd4 17.Nxd4 Nc5 18.g4 b4 19.Re3 a5 20.Rh3 g6 21.Re3 Ba6 22.h4 a4
23.h5 Bc4 24.Rh1 b3 25.a3 Rac8 26.Kd2 Bxd3 27.cxd3 Rc7 28.Reh3 Rfc8 29.Ke3 Re8
30.Nb5 Rd7 31.Kd4 Na6 32.Rc1 Rb8 33.Rc6 gxh5 34.Rxh5 Ra8 35.f5 exf5 36.gxf5
Rb7 37.Nd6 Rc7 38.Kxd5 Rxc6 39.Kxc6 Rf8 40.e6 fxe6 41.fxe6 Nb8+ 42.Kb7 {#r}
1-0

[Event "Zonal 3.3 w 2017"]
[Site "masterchessopen.com Tagaytay City PHI"]
[Date "2017.03.02"]
[Round "6.6"]
[White "Pham Le Thao Nguyen"]
[Black "Nguyen Thi Mai Hung"]
[Result "1-0"]
[WhiteElo "2351"]
[BlackElo "2347"]

1.d4 d5 2.c4 c6 3.Nf3 Nf6 4.Nc3 e6 5.e3 Nbd7 6.Qc2 Bd6 7.Bd3 O-O 8.O-O h6 9.b3
b6 10.cxd5 exd5 11.Bb2 Bb7 12.Ne2 Re8 13.Ng3 Rc8 14.Rac1 c5 15.Qe2 Bb8 16.Rc2
Ne4 17.Rfc1 Nxg3 18.hxg3 Bd6 19.Ba3 Bf8 20.Bf5 cxd4 21.Bxf8 Rxc2 22.Qxc2 Nxf8
23.Nxd4 Qe7 24.Qc7 Ba6 25.Qf4 Qa3 26.Rc7 Re7 27.Nc6 Rxc7 28.Qxc7 g6 29.Bh3 Qb2
30.Ne5 {#r} 1-0

[Event "Zonal 3.3 w 2017"]
[Site "masterchessopen.com Tagaytay City PHI"]
[Date "2017.03.02"]
[Round "6.10"]
[White "Doroy,Allaney Jia G"]
[Black "Singgih,Diajeng Theresa"]
[Result "1-0"]
[WhiteElo "1915"]
[BlackElo "1817"]

1.c4 e5 2.g3 Nf6 3.Bg2 d5 4.cxd5 Nxd5 5.Nc3 Nb6 6.Nf3 Nc6 7.O-O Be7 8.a3 O-O
9.b4 f6 10.Bb2 Bg4 11.d3 Re8 12.Re1 Bf8 13.Rc1 Qd7 14.Ne4 Rab8 15.Qc2 a6
16.Nfd2 Na8 17.Nb3 Qf7 18.Nec5 Nd8 19.d4 exd4 20.Nxd4 Bxc5 21.Qxc5 b6 22.Qc2
c5 23.bxc5 bxc5 24.Qxc5 Ne6 25.Nxe6 Bxe6 26.Bd4 Nb6 27.Qa5 Nc4 28.Qxa6 Red8
29.Rb1 Rbc8 30.Rb7 {#r} 1-0

[Event "Zonal 3.3 w 2017"]
[Site "masterchessopen.com Tagaytay City PHI"]
[Date "2017.03.03"]
[Round "7.4"]
[White "Gong Qianyun"]
[Black "Frayna,Janelle Mae"]
[Result "1-0"]
[WhiteElo "2284"]
[BlackElo "2325"]

1.e4 Nf6 2.e5 Nd5 3.d4 d6 4.Nf3 dxe5 5.Nxe5 c6 6.Be2 Nd7 7.Nf3 N7f6 8.O-O g6
9.c4 Nb6 10.Nc3 Bg7 11.h3 O-O 12.Be3 Bf5 13.Rc1 Ne4 14.Qb3 Nxc3 15.bxc3 Qc7
16.Rfd1 h5 17.a4 Bf6 18.Ng5 a5 19.Bf3 Nc8 20.Ne4 Bxe4 21.Bxe4 e5 22.c5 Ne7
23.d5 cxd5 24.Bxd5 Nxd5 25.Rxd5 Rfe8 26.Rd6 Kg7 27.Rb1 Rab8 28.Rb6 e4 29.Rxf6
Kxf6 30.Bd4+ Kg5 31.Be3+ Kf6 32.Qd5 Kg7 33.Qg5 Rbd8 34.g3 Rd3 35.Rb6 Kg8
36.Rxg6+ fxg6 37.Qxg6+ Kf8 38.Bh6+ Ke7 39.Qxe4+ Kf7 40.Qf5+ Kg8 41.Qg6+ Kh8
42.Qxe8+ Kh7 43.Qe4+ {#r} 1-0

[Event "Zonal 3.3 w 2017"]
[Site "masterchessopen.com Tagaytay City PHI"]
[Date "2017.03.03"]
[Round "7.6"]
[White "Sukandar,I"]
[Black "Nguyen Thi Mai Hung"]
[Result "1-0"]
[WhiteElo "2423"]
[BlackElo "2347"]

1.e4 c5 2.Nf3 g6 3.d4 cxd4 4.Nxd4 Nc6 5.c4 Nf6 6.Nc3 Nxd4 7.Qxd4 d6 8.Be2 Bg7
9.Be3 O-O 10.Qd2 Qa5 11.O-O Be6 12.b3 Rfc8 13.Rfc1 a6 14.Rab1 b5 15.b4 Qd8
16.c5 dxc5 17.Qxd8+ Rxd8 18.bxc5 Rab8 19.a3 Kf8 20.h3 Ne8 21.Rb4 Nc7 22.a4
bxa4 23.Rxa4 Rb3 24.Bf4 Nb5 25.Nxb5 axb5 26.Ra5 b4 27.c6 Ra3 28.c7 Re8 29.Rb5
Bc3 30.Rb8 f5 31.Bc4 {#r} 1-0

[Event "Zonal 3.3 w 2017"]
[Site "masterchessopen.com Tagaytay City PHI"]
[Date "2017.03.03"]
[Round "7.9"]
[White "Fisabilillah,Ummi"]
[Black "Singgih,Diajeng Theresa"]
[Result "0-1"]
[WhiteElo "2206"]
[BlackElo "1817"]

1.e4 e5 2.Nf3 Nc6 3.Bc4 Bc5 4.c3 Nf6 5.d3 a6 6.Bb3 O-O 7.O-O d5 8.exd5 Nxd5
9.Qe2 Bg4 10.h3 Bh5 11.d4 Nf6 12.dxc5 e4 13.g4 exf3 14.Qxf3 Bg6 15.Bg5 Ne5
16.Qd1 Qe7 17.f4 Rad8 18.Qe2 Qxc5+ 19.Kh2 Nexg4+ 20.hxg4 Bd3 21.Qf3 Bxf1
22.Bxf6 gxf6 23.Qxf1 Rfe8 24.Bc2 Re3 25.Bd1 Qc6 26.Be2 Qe4 27.Bc4 Re1 {#R} 0-1

[Event "Zonal 3.3 w 2017"]
[Site "masterchessopen.com Tagaytay City PHI"]
[Date "2017.03.03"]
[Round "7.10"]
[White "Mariano,Karen"]
[Black "Secopito,Catherine"]
[Result "0-1"]
[WhiteElo "1797"]
[BlackElo "2106"]

1.e4 d5 2.exd5 Qxd5 3.Nc3 Qd6 4.Nf3 a6 5.a4 Nf6 6.d3 Nc6 7.h3 e5 8.Bd2 h6
9.Ne4 Nxe4 10.dxe4 Qg6 11.Qe2 Be6 12.c3 Bb3 13.Nh4 Qe6 14.Qf3 O-O-O 15.Be2 Nb4
16.O-O Rxd2 17.cxb4 Bxb4 18.Qe3 Rxe2 19.Qxe2 Bc4 20.Qe3 Bxf1 21.Qa7 Rd8
22.Rxf1 Qc6 23.Nf5 g6 24.Nxh6 Bc5 25.Qa8+ Kd7 26.Rd1+ Bd6 27.Qa7 Ke7 28.Qe3
Bc5 29.Qg5+ f6 30.Nf5+ Ke6 31.Qg4 Rxd1+ 32.Qxd1 gxf5 33.Qb3+ Ke7 34.exf5 Bd4
35.Qb4+ Qc5 {#R} 0-1

[Event "Zonal 3.3 w 2017"]
[Site "masterchessopen.com Tagaytay City PHI"]
[Date "2017.03.04"]
[Round "8.3"]
[White "Nguyen Thi Thanh An"]
[Black "Gong Qianyun"]
[Result "0-1"]
[WhiteElo "2283"]
[BlackElo "2284"]

1.d4 Nf6 2.c4 e6 3.a3 b6 4.Nc3 Bb7 5.Nf3 d6 6.d5 e5 7.e4 Be7 8.h3 Nbd7 9.Bd3
O-O 10.Be3 a5 11.g4 c6 12.Rc1 c5 13.Ne2 Re8 14.Ng3 Nf8 15.g5 N6d7 16.h4 Ng6
17.Qd2 Bf8 18.a4 Bc8 19.b3 Ra7 20.Kd1 Nb8 21.Kc2 Na6 22.Kb2 Nb4 23.Bb1 Nf4
24.Bxf4 exf4 25.Qxf4 g6 26.Ka3 Bg7 27.h5 Qe7 28.Rhe1 Bd7 29.Qh4 Qf8 30.e5 dxe5
31.Be4 Qd6 32.hxg6 hxg6 33.Re2 b5 34.cxb5 Bxb5 35.Nd2 c4 36.Nxc4 Nc2+ 37.Kb2
Bxc4 38.Rexc2 Bxb3 39.Rc8 Bxa4 40.R1c3 Rb7+ 41.Kc1 Qb4 42.Rxe8+ Bxe8 43.Ne2
Ba4 44.Kd2 Rc7 45.Qh3 Bb5 46.Kc1 Rc4 47.Rxc4 Qxc4+ 48.Nc3 Bf8 49.Bc2 Ba3+
50.Kd1 Qd4+ 51.Ke1 Bb4 {#R} 0-1

[Event "Zonal 3.3 w 2017"]
[Site "masterchessopen.com Tagaytay City PHI"]
[Date "2017.03.04"]
[Round "8.4"]
[White "Luong Phuong Hanh"]
[Black "Sukandar,I"]
[Result "0-1"]
[WhiteElo "2148"]
[BlackElo "2423"]

1.d4 Nf6 2.Nf3 d5 3.c4 e6 4.g3 dxc4 5.Bg2 Bb4+ 6.Bd2 c5 7.Qc1 Bxd2+ 8.Nbxd2
cxd4 9.Nxc4 Nc6 10.O-O O-O 11.Rd1 Re8 12.b4 Nxb4 13.Nxd4 Qe7 14.Nb5 e5 15.Nbd6
Rd8 16.Qa3 Nc2 17.Nxc8 Qc7 18.Rxd8+ Qxd8 19.Ne7+ Kf8 20.Ng6+ Kg8 21.Qc1 Nxa1
22.Ngxe5 Qc7 23.Qxa1 Rd8 24.Ne3 b5 25.Nd3 a5 26.Qb1 b4 27.Bf3 Qc3 28.Kg2 h6
29.Nd1 Qd2 30.Qb3 Rc8 31.Ne5 Rc7 32.Nd3 Qc2 33.Bd5 Qxe2 34.Nf4 Qe5 35.Bf3 g5
36.Nd3 Qd4 37.h3 h5 38.Qb1 g4 39.hxg4 hxg4 40.Be2 Qe4+ 41.Kh2 Qxe2 42.Nf4 Qe4
43.Qb2 Nd5 44.Nh5 f5 45.Qd2 Rh7 46.Qg5+ Kf7 47.Nb2 Qe7 {#R} 0-1

[Event "Zonal 3.3 w 2017"]
[Site "masterchessopen.com Tagaytay City PHI"]
[Date "2017.03.04"]
[Round "8.7"]
[White "Bernales,C"]
[Black "Mendoza,B"]
[Result "1-0"]
[WhiteElo "2039"]
[BlackElo "2029"]

1.e4 Nf6 2.e5 Nd5 3.Nc3 Nxc3 4.dxc3 d5 5.Be3 e6 6.f4 c5 7.Nf3 Be7 8.Be2 Nc6
9.Qd2 Qc7 10.O-O O-O 11.Rae1 b6 12.Bb5 Bb7 13.Qf2 Rad8 14.Qg3 f5 15.exf6 Rxf6
16.Bd3 c4 17.Be2 Rg6 18.Qf2 d4 19.cxd4 Nb4 20.c3 Nc2 21.Rc1 Nxe3 22.Qxe3 Bd6
23.Nh4 Rh6 24.g3 Rf8 25.Ng2 b5 26.Bf3 Bxf3 27.Rxf3 Qf7 28.Rcf1 Qh5 29.h4 Qg4
30.Kh2 Bc7 31.Qe4 g5 32.Ne3 Rxh4+ 33.gxh4 Qxh4+ 34.Rh3 Rxf4 35.Rxf4 Bxf4+
36.Kg2 Qe1 37.Qxh7+ Kf8 38.Qh8+ Ke7 39.Rh7+ Kd6 40.Qf8+ Kc6 41.Qc5# 1-0

[Event "Zonal 3.3 w 2017"]
[Site "masterchessopen.com Tagaytay City PHI"]
[Date "2017.03.04"]
[Round "8.8"]
[White "Singgih,Diajeng Theresa"]
[Black "Secopito,Catherine"]
[Result "0-1"]
[WhiteElo "1817"]
[BlackElo "2106"]

1.e4 e5 2.Nf3 Nf6 3.Nxe5 d6 4.Nf3 Nxe4 5.d3 Nf6 6.d4 d5 7.Qe2+ Be7 8.Ne5 O-O
9.Bf4 c5 10.Nd2 c4 11.g4 Qb6 12.g5 Qxb2 13.Rb1 Qxd4 14.gxf6 Qxf4 15.fxe7 Re8
16.Rb5 Rxe7 17.Rxd5 Nc6 18.Ndxc4 f6 19.Bg2 fxe5 20.O-O Bg4 21.Qd3 Nd4 22.f3
Bf5 23.Qe3 Qxe3+ 24.Nxe3 Bg6 25.Rf2 Rc8 26.Ng4 Nxc2 27.Nxe5 Ne3 28.Ra5 Rc1+
29.Bf1 Bf5 30.Nc4 Nxf1 31.Rxf1 Rxf1+ 32.Kxf1 Bd3+ 33.Kf2 Bxc4 34.Rxa7 Re2+
35.Kg3 b5 36.a4 b4 37.a5 b3 38.a6 b2 39.Ra8+ Kf7 40.a7 b1=Q 41.Rf8+ Kxf8
42.a8=Q+ Kf7 43.Qa7+ Kg6 44.Qd4 Qe1+ 45.Kg4 Be6+ {#R} 0-1

[Event "Zonal 3.3 w 2017"]
[Site "masterchessopen.com Tagaytay City PHI"]
[Date "2017.03.05"]
[Round "9.3"]
[White "Gong Qianyun"]
[Black "Bernales,C"]
[Result "1-0"]
[WhiteElo "2284"]
[BlackElo "2039"]

1.e4 e6 2.b3 d5 3.Bb2 Nf6 4.e5 Nfd7 5.Qg4 c5 6.f4 Nc6 7.Nf3 h5 8.Qg3 Nb6 9.c3
g6 10.Bd3 Ne7 11.O-O Bd7 12.Na3 Nf5 13.Qf2 Qc7 14.Nb5 Qc8 15.a4 a6 16.Nd6+
Nxd6 17.exd6 Qc6 18.c4 Rg8 19.Ne5 Qxd6 20.a5 Nc8 21.cxd5 Qxd5 22.Bc4 Qe4
23.Rae1 Qc2 24.Nd3 {#r} 1-0

[Event "Zonal 3.3 w 2017"]
[Site "masterchessopen.com Tagaytay City PHI"]
[Date "2017.03.05"]
[Round "9.7"]
[White "Doroy,Allaney Jia G"]
[Black "Luong Phuong Hanh"]
[Result "0-1"]
[WhiteElo "1915"]
[BlackElo "2148"]

1.c4 Nf6 2.g3 g6 3.Bg2 Bg7 4.Nf3 d5 5.O-O c6 6.d3 O-O 7.Nbd2 Qc7 8.Rb1 e5 9.e4
Nbd7 10.b4 a5 11.a3 axb4 12.axb4 b6 13.Qc2 Qd6 14.Bb2 d4 15.c5 bxc5 16.bxc5
Qe7 17.Nc4 Ba6 18.Nb6 Ra7 19.Ba3 Bb5 20.Bb4 Rb8 21.Nd2 Bf8 22.Rfc1 Qd8 23.Nxd7
Nxd7 24.Nc4 Bxc4 25.dxc4 Rab7 26.Bd2 Nxc5 27.Rxb7 Rxb7 28.Ra1 Qb8 29.Bc1 d3
30.Qd1 Rb1 31.Rxb1 Qxb1 32.Bf3 Qc2 33.Ba3 Qxd1+ 34.Bxd1 Nxe4 35.Bxf8 Kxf8
36.Kf1 Nc3 37.Ke1 Nxd1 38.Kxd1 e4 {#R} 0-1

[Event "Zonal 3.3 w 2017"]
[Site "masterchessopen.com Tagaytay City PHI"]
[Date "2017.03.05"]
[Round "9.8"]
[White "Mendoza,Shania Mae"]
[Black "Mendoza,B"]
[Result "1-0"]
[WhiteElo "1983"]
[BlackElo "2029"]

1.d4 f5 2.Nc3 Nf6 3.Bg5 d5 4.f3 Nc6 5.Qd2 e6 6.a3 Be7 7.e3 a6 8.Nh3 Nh5 9.Bxe7
Qxe7 10.O-O-O O-O 11.g4 Nf6 12.gxf5 exf5 13.Nf4 Qd6 14.Rg1 b5 15.Na2 Rb8
16.Nb4 Na5 17.b3 Re8 18.Kb2 Nc4+ 19.bxc4 bxc4 20.Ka2 Qb6 21.Rb1 a5 22.Bxc4
axb4 23.Rxb4 Qa5 24.Qg2 g6 25.Nxg6 Rxb4 26.Ne5+ Ng4 27.fxg4 f4 28.Qxd5+ Qxd5
29.Bxd5+ Kf8 30.axb4 fxe3 31.Re1 Rd8 32.c4 Rd6 33.Rxe3 c6 34.Nxc6 Bxg4 35.Rg3
Rg6 36.Ne5 {#r} 1-0

[Event "Zonal 3.3 w 2017"]
[Site "masterchessopen.com Tagaytay City PHI"]
[Date "2017.03.05"]
[Round "9.10"]
[White "Mordido,Kylen Joy"]
[Black "Mariano,Karen"]
[Result "1-0"]
[WhiteElo "1755"]
[BlackElo "1797"]

1.c4 c6 2.Nf3 d5 3.d4 e6 4.g3 Nf6 5.Bg2 h6 6.O-O Bd6 7.Nc3 O-O 8.Qc2 Nbd7
9.Nd2 Bb4 10.e4 dxc4 11.Nxc4 b5 12.Ne3 Qb6 13.Rd1 Bb7 14.Qe2 a6 15.Nc2 Be7
16.b4 a5 17.bxa5 Rxa5 18.a4 b4 19.Rb1 Ba6 20.Qe1 Rb8 21.Ba3 c5 22.dxc5 Bxc5
23.Bxb4 Bxb4 24.Rxb4 Qc7 25.Rxb8+ Nxb8 26.Nd4 Bc4 27.Ndb5 Bxb5 28.Nxb5 Qb6
29.Rd6 Nc6 30.Rxc6 Qxc6 31.Qxa5 Qc1+ 32.Bf1 Ng4 33.Qc3 Qg5 34.Be2 Nf6 35.Nd6
h5 36.f4 Qg6 37.f5 exf5 38.exf5 Qg5 39.Qc8+ Kh7 40.Qh8+ Kxh8 41.Nxf7+ Kg8
42.Nxg5 Kf8 43.Ne6+ Kf7 44.Nf4 Ke7 45.Nxh5 {#r} 1-0